| 000 | 00689nam a2200193 a 4500 | ||
|---|---|---|---|
| 005 | 20240919064500.0 | ||
| 008 | 991125s1984 es 000 0 spa u | ||
| 020 | _a8428105588 | ||
| 035 | _aUPN01000000953 | ||
| 049 | _aCG | ||
| 050 | 4 |
_aQH541.2 _bM8.2 |
|
| 100 | 1 |
_aMuntañola i Thornberg, Josep, _d1940- |
|
| 245 | 1 | 0 |
_aAdolescencia y arquitectura : _bactividades didácticas sobre el medio ambiente para los 12-17 años de edad / _cJosep Muntañola Ithornberg. |
| 260 |
_aBarcelona, Esp : _bOikos-Tau, _c1984. |
||
| 300 | _a171 p. | ||
| 440 | 0 |
_aDidáctica del medio ambiente C. _pDidáctica de la infancia a la adolescencia ; _v4 |
|
| 650 | 4 |
_aEducación ambiental _94338 |
|
| 905 | _aLibro | ||
| 999 |
_c953 _d953 |
||